Autism Therapies: Sudden Death - Statistics

General Stats
  • This quiz has been taken 31 times
  • The average score is 4 of 6
Answers on the Grid
Answers color-coded by a green-red scale on the quiz's grid according to % correct below.
CEASE (Complete Elimination of Autistic Spectrum Expression) Therapy
Swimming with Dolphins
Drinking raw camel's milk
Hyperbaric Oxygen Therapy
Bleach Therapy
Physiotherapy
Applied Behaviour Analysis Therapy
Cognitive Behaviour Therapy
Seeing a psychologist or psychiatrist
Speech Therapy
GcMAF (Globulin component Macrophage Activating Factor) Therapy
Occupational Therapy
 
Answer Stats
Answer % Correct
Cognitive Behaviour Therapy
86%
Speech Therapy
82%
Applied Behaviour Analysis Therapy
75%
Seeing a psychologist or psychiatrist
75%
Occupational Therapy
61%
Physiotherapy
46%
No matching quizzes found
Score Distribution
Percent of People with Each Score
Percentile by Number Answered
Your Score History
You have not taken this quiz